| 000 | 00719nam a2200265Ia 4500 | ||
|---|---|---|---|
| 005 | 20250425161153.0 | ||
| 008 | 250425s9999 xx 000 0 und d | ||
| 020 | _a8429118357 | ||
| 041 | _aspa | ||
| 082 | _a574.929 | ||
| 100 | _aNEEDHAM, J. G. | ||
| 245 | 0 | _aGUÍA PARA EL ESTUDIO DE LOS SERES VIVOS DE LAS AGUAS DULCES | |
| 250 | _a1A ED. | ||
| 260 | _aBARCELONA | ||
| 260 |
_aEspaña _bREVERTE _c1982 |
||
| 300 | _a131 | ||
| 500 | _aTítulo Traducido: A GUIDE TO THE STUDY OF FRESH-WATER BIOLOGY | ||
| 650 | _aBIOLOGIA DE AGUA DULCE | ||
| 650 | _aFAUNA MARINA | ||
| 650 | _aPECES DE AGUA DULCE | ||
| 650 | _aPLANTAS ACUATICAS | ||
| 700 | _aNEEDHAM, PAUL R. | ||
| 942 | _c01 | ||
| 010 | _a14267 | ||
| 999 |
_c203821 _d203821 |
||